[Event "Belgrade Trophy 32nd"]
[Site "Belgrade"]
[Date "2018.12.01"]
[Round "8"]
[White "Gajic, Sladjan"]
[Black "Kosovac, Milan"]
[Result "1-0"]
[WhiteElo "2069"]
[BlackElo "1923"]
[PlyCount "75"]
[EventDate "2018.11.24"]
[EventType "swiss"]
[EventRounds "9"]
[EventCountry "SRB"]
[SourceTitle "CBM 187 Extra"]
[Source "ChessBase"]
[SourceDate "2018.11.04"]
[SourceVersion "1"]
[SourceVersionDate "2018.11.04"]
[SourceQuality "1"]

1. c4 c5 2. Nf3 Nf6 3. Nc3 b6 4. g3 Bb7 5. Bg2 e6 6. 0-0 Be7 7. d4 cxd4 8. Qxd4 a6 9. Bg5 d6 10. Rfd1 Nbd7 11. b3 0-0 12. Rac1 h6 13. Be3 Qc7 14. b4 Rab8 15. Na4 Ba8 16. Qd3 Be4 17. Qd2 Bb7 18. Bf4 e5 19. Be3 Rbd8 20. Bh3 Bc6 21. Nc3 Ne4 22. Nxe4 Bxe4 23. Nh4 Bxh4 24. Qxd6 Qxd6 25. Rxd6 Be7 26. Rxd7 Rxd7 27. Bxd7 Bxb4 28. Bxb6 Rb8 29. c5 f6 30. a4 a5 31. f3 Bd5 32. e4 Ba8 33. Be6+ Kh8 34. Bd5 g6 35. Kf1 Kg7 36. Ke2 Bb7 37. Bxb7 Rxb7 38. c6 1-0

[Event "Belgrade Trophy 32nd"]
[Site "Belgrade"]
[Date "2018.11.28"]
[Round "5"]
[White "Kesidis, Odyseas"]
[Black "Gajic, Sladjan"]
[Result "1-0"]
[WhiteElo "2271"]
[BlackElo "2069"]
[PlyCount "55"]
[EventDate "2018.11.24"]
[EventType "swiss"]
[EventRounds "9"]
[EventCountry "SRB"]
[SourceTitle "CBM 187 Extra"]
[Source "ChessBase"]
[SourceDate "2018.11.04"]
[SourceVersion "1"]
[SourceVersionDate "2018.11.04"]
[SourceQuality "1"]

1. e4 c5 2. Nf3 Nf6 3. e5 Nd5 4. c3 Nc6 5. d4 cxd4 6. cxd4 d6 7. Bc4 Nb6 8. Bb5 dxe5 9. Nxe5 Bd7 10. Nxd7 Qxd7 11. Nc3 e6 12. 0-0 Be7 13. Qg4 Bf6 14. Rd1 Rd8 15. Ne4 Qd5 16. Nxf6+ gxf6 17. Bf1 h5 18. Qf4 Ke7 19. b3 a5 20. Ba3+ Nb4 21. Qc7+ Nd7 22. Bc4 Qg5 23. h4 Qf5 24. d5 b6 25. dxe6 fxe6 26. Rd6 Rhe8 27. Rad1 e5 28. Bb5 1-0

[Event "SRB-chT Cup"]
[Site "Kragujevac"]
[Date "2017.04.30"]
[Round "2.2"]
[White "Gajic, Sladjan"]
[Black "Dubravcic, Nikola"]
[Result "0-1"]
[WhiteElo "2073"]
[BlackElo "1805"]
[PlyCount "56"]
[EventDate "2017.04.29"]
[EventType "team-swiss"]
[EventRounds "6"]
[EventCountry "SRB"]
[SourceTitle "EXT 2018"]
[Source "ChessBase"]
[SourceDate "2017.10.13"]
[SourceVersion "1"]
[SourceVersionDate "2017.10.13"]
[SourceQuality "1"]
[WhiteTeam "Vrnjacka Banja Goc"]
[BlackTeam "Pozarevac"]
[WhiteTeamCountry "SRB"]
[BlackTeamCountry "SRB"]

1. e4 d6 2. d4 Nf6 3. Nc3 e5 4. dxe5 dxe5 5. Qxd8+ Kxd8 6. Bc4 Be6 7. Bxe6 fxe6 8. Bg5 Bd6 9. 0-0-0 Ke7 10. f3 Nbd7 11. Nh3 a6 12. Nf2 b5 13. Nd3 Rhb8 14. Rhe1 a5 15. Kb1 c5 16. Ka1 c4 17. Nc1 b4 18. Nb1 a4 19. Nd2 Nb6 20. f4 c3 21. bxc3 bxc3 22. Nf3 Ba3 23. Nd3 Nc4 24. Rb1 Bb2+ 25. Rxb2 cxb2+ 26. Nxb2 Rxb2 27. fxe5 Rab8 28. Rc1 Na3 0-1

[Event "LSS No Engine Cup 93 Final"]
[Site "LSS email"]
[Date "2014.05.31"]
[Round "?"]
[White "Husemann, Andreas"]
[Black "Gajic, Sladjan"]
[Result "1-0"]
[WhiteElo "2116"]
[BlackElo "1306"]
[PlyCount "43"]
[EventDate "2014.06.01"]
[EventType "tourn (corr)"]
[EventRounds "6"]
[EventCountry "GER"]
[SourceTitle "Corr 2015"]
[Source "ChessBase"]
[SourceDate "2015.07.17"]
[SourceVersion "1"]
[SourceVersionDate "2015.07.17"]
[SourceQuality "1"]

1. d4 Nf6 2. c4 e6 3. Nc3 Bb4 4. a3 Bxc3+ 5. bxc3 c5 6. e3 Qa5 7. Bd2 b6 8. Bd3 Bb7 9. f3 Nc6 10. Ne2 0-0 11. Qc2 Qa6 12. 0-0 Na5 13. e4 Nxc4 14. e5 Nd5 15. Bxh7+ Kh8 16. Bd3 cxd4 17. Nxd4 Rfc8 18. Bg5 f5 19. exf6 gxf6 20. Bh6 Qa5 21. Qf2 Ne5 22. Be4 1-0

[Event "LSS No Engine Cup 93 Final"]
[Site "LSS email"]
[Date "2014.05.31"]
[Round "?"]
[White "Kulakiewicz, Mariusz"]
[Black "Gajic, Sladjan"]
[Result "1-0"]
[WhiteElo "1929"]
[BlackElo "1306"]
[PlyCount "33"]
[EventDate "2014.06.01"]
[EventType "tourn (corr)"]
[EventRounds "6"]
[EventCountry "GER"]
[SourceTitle "Corr 2015"]
[Source "ChessBase"]
[SourceDate "2015.07.17"]
[SourceVersion "1"]
[SourceVersionDate "2015.07.17"]
[SourceQuality "1"]

1. Nf3 d5 2. d4 Nf6 3. c4 e6 4. Nc3 c6 5. Bg5 h6 6. Bxf6 Qxf6 7. e3 Nd7 8. Bd3 Qd8 9. 0-0 Be7 10. Rc1 0-0 11. a3 a6 12. Qe2 dxc4 13. Bxc4 b5 14. Ba2 Qb6 15. Bb1 g6 16. h4 a5 17. Ne4 1-0

[Event "LSS No Engine Cup 93 Final"]
[Site "LSS email"]
[Date "2014.05.31"]
[Round "?"]
[White "Nowak, Andrzej"]
[Black "Gajic, Sladjan"]
[Result "1-0"]
[WhiteElo "1394"]
[BlackElo "1306"]
[PlyCount "29"]
[EventDate "2014.06.01"]
[EventType "tourn (corr)"]
[EventRounds "6"]
[EventCountry "GER"]
[SourceTitle "Corr 2015"]
[Source "ChessBase"]
[SourceDate "2015.07.17"]
[SourceVersion "1"]
[SourceVersionDate "2015.07.17"]
[SourceQuality "1"]

1. f4 e5 2. fxe5 d6 3. exd6 Bxd6 4. Nf3 g5 5. c3 g4 6. Qa4+ Bd7 7. Qe4+ Ne7 8. Ne5 Nbc6 9. Nxd7 Qxd7 10. d4 0-0-0 11. Bg5 f5 12. Qd3 Rde8 13. Nd2 Nd5 14. Nc4 Bf4 15. Bxf4 1-0

[Event "SC-2014-0-00225"]
[Site "LSS email"]
[Date "2014.05.22"]
[Round "?"]
[White "Camps, Jean Pierre"]
[Black "Gajic, Sladjan"]
[Result "1-0"]
[WhiteElo "1858"]
[BlackElo "1305"]
[PlyCount "63"]
[EventDate "2014.04.11"]
[EventType "tourn (corr)"]
[EventRounds "6"]
[EventCountry "GER"]
[SourceTitle "Corr 2015"]
[Source "ChessBase"]
[SourceDate "2015.07.17"]
[SourceVersion "1"]
[SourceVersionDate "2015.07.17"]
[SourceQuality "1"]

1. e4 c5 2. c3 d5 3. exd5 Qxd5 4. d4 Nf6 5. Nf3 Bg4 6. dxc5 Qxd1+ 7. Kxd1 e5 8. b4 e4 9. h3 Bh5 10. g4 Nxg4 11. hxg4 Bxg4 12. Nbd2 exf3 13. Bd3 a5 14. Re1+ Be6 15. Be4 axb4 16. Bxb7 Ra4 17. c6 Kd8 18. Nxf3 Kc7 19. Nd4 bxc3 20. Be3 Rxd4+ 21. Bxd4 Nxc6 22. Bxc6 Kxc6 23. Bxc3 h5 24. Rc1 Kd7 25. Re3 Bxa2 26. Be5 Be6 27. Rc7+ Ke8 28. Rb7 h4 29. Rb8+ Ke7 30. Ra3 Bd7 31. Rd3 Ba4+ 32. Ke2 1-0

[Event "SC-2014-0-00225"]
[Site "LSS email"]
[Date "2014.05.22"]
[Round "?"]
[White "Gajic, Sladjan"]
[Black "Hammerschmidt, Volker"]
[Result "0-1"]
[WhiteElo "1305"]
[BlackElo "1854"]
[PlyCount "56"]
[EventDate "2014.04.11"]
[EventType "tourn (corr)"]
[EventRounds "6"]
[EventCountry "GER"]
[SourceTitle "Corr 2015"]
[Source "ChessBase"]
[SourceDate "2015.07.17"]
[SourceVersion "1"]
[SourceVersionDate "2015.07.17"]
[SourceQuality "1"]

1. d4 Nf6 2. Nf3 e6 3. c4 d5 4. Nc3 Be7 5. Bg5 h6 6. Bxf6 Bxf6 7. e3 0-0 8. Rc1 c6 9. Be2 b6 10. cxd5 exd5 11. 0-0 Re8 12. Bd3 Bb7 13. Ne2 Nd7 14. Nf4 Be7 15. Bf5 Bd6 16. Nd3 Nf6 17. Qc2 Re7 18. Qe2 g6 19. Bh3 Ne4 20. Rfd1 c5 21. g3 c4 22. Nf4 b5 23. Bg2 Nf6 24. Qc2 Qe8 25. Qd2 a6 26. h3 Qd7 27. Qc2 Rf8 28. a3 Qc7 0-1

[Event "SC-2014-0-00224"]
[Site "LSS email"]
[Date "2014.05.17"]
[Round "?"]
[White "Gajic, Sladjan"]
[Black "Habes, Jiri"]
[Result "0-1"]
[WhiteElo "1791"]
[BlackElo "1739"]
[PlyCount "64"]
[EventDate "2014.03.27"]
[EventType "tourn (corr)"]
[EventRounds "6"]
[EventCountry "GER"]
[SourceTitle "Corr 2022"]
[Source "ChessBase"]
[SourceDate "2021.10.24"]
[SourceVersion "1"]
[SourceVersionDate "2021.10.24"]
[SourceQuality "1"]

1. d4 Nf6 2. Nf3 d5 3. c4 e6 4. Nc3 Nc6 5. a3 Be7 6. e3 0-0 7. b4 Ne4 8. Bb2 Nxc3 9. Bxc3 a6 10. Be2 Bf6 11. 0-0 Ne7 12. c5 Nf5 13. a4 Bd7 14. b5 Qe7 15. bxa6 bxa6 16. Bd3 Bc6 17. Qc2 g6 18. Rfb1 Qd7 19. g3 Kg7 20. h3 Rfb8 21. Rxb8 Rxb8 22. Nh2 h5 23. Nf3 Rd8 24. Qd1 Ra8 25. Ra2 Kg8 26. Kh2 Kh8 27. Bc2 Rf8 28. Rb2 Rc8 29. Ne1 Kg7 30. Nd3 Ra8 31. Nb4 Bb7 32. a5 c6 0-1

[Event "SC-2014-0-00223"]
[Site "LSS email"]
[Date "2014.05.09"]
[Round "?"]
[White "Gajic, Sladjan"]
[Black "Habes, Jiri"]
[Result "0-1"]
[WhiteElo "1305"]
[BlackElo "1717"]
[PlyCount "70"]
[EventDate "2014.03.12"]
[EventType "tourn (corr)"]
[EventRounds "6"]
[EventCountry "GER"]
[SourceTitle "Corr 2015"]
[Source "ChessBase"]
[SourceDate "2015.07.17"]
[SourceVersion "1"]
[SourceVersionDate "2015.07.17"]
[SourceQuality "1"]

1. e4 e6 2. d4 d5 3. Nc3 dxe4 4. Nxe4 Nf6 5. Bg5 Be7 6. Bxf6 Bxf6 7. Nf3 0-0 8. Bc4 Nc6 9. c3 e5 10. d5 Ne7 11. Nxf6+ gxf6 12. 0-0 Qd6 13. Qe1 c6 14. dxc6 Qxc6 15. Bb3 Ng6 16. Qe3 Rd8 17. Bc2 Bg4 18. Be4 Qa6 19. h3 Be6 20. b3 Rac8 21. c4 b5 22. cxb5 Qxb5 23. Qh6 Qb4 24. Rfe1 Qf8 25. Qxf8+ Kxf8 26. Rad1 Rxd1 27. Rxd1 Ke7 28. Rd2 f5 29. Bb7 Rc7 30. Ba6 Kf6 31. g3 f4 32. h4 e4 33. Ng5 Bf5 34. Bc4 fxg3 35. Rd6+ Kg7 0-1

[Event "SC-2014-0-00223"]
[Site "LSS email"]
[Date "2014.05.09"]
[Round "?"]
[White "Gajic, Sladjan"]
[Black "Hammerschmidt, Volker"]
[Result "0-1"]
[WhiteElo "1305"]
[BlackElo "1854"]
[PlyCount "62"]
[EventDate "2014.03.12"]
[EventType "tourn (corr)"]
[EventRounds "6"]
[EventCountry "GER"]
[SourceTitle "Corr 2015"]
[Source "ChessBase"]
[SourceDate "2015.07.17"]
[SourceVersion "1"]
[SourceVersionDate "2015.07.17"]
[SourceQuality "1"]

1. e4 e5 2. Nf3 Nc6 3. Bb5 a6 4. Ba4 Nf6 5. 0-0 Be7 6. Nc3 b5 7. Bb3 0-0 8. Re1 d6 9. Nd5 Na5 10. d4 Nxd5 11. exd5 f6 12. Qd3 Nxb3 13. axb3 Qd7 14. c4 Qf5 15. Qc3 Bd7 16. h3 Rfc8 17. Bd2 c6 18. g4 Qg6 19. Nh4 Qf7 20. dxc6 Rxc6 21. d5 Rc7 22. Qd3 g6 23. Ng2 f5 24. Ba5 Rb7 25. Qe2 Bf6 26. Ne3 fxg4 27. hxg4 Bg5 28. Ng2 h5 29. gxh5 gxh5 30. c5 Bg4 31. Qd3 Rf8 0-1

[Event "SC-2014-0-00223"]
[Site "LSS email"]
[Date "2014.05.09"]
[Round "?"]
[White "Gajic, Sladjan"]
[Black "Timkin, Nikolay"]
[Result "0-1"]
[WhiteElo "1305"]
[BlackElo "1755"]
[PlyCount "36"]
[EventDate "2014.03.12"]
[EventType "tourn (corr)"]
[EventRounds "6"]
[EventCountry "GER"]
[SourceTitle "Corr 2015"]
[Source "ChessBase"]
[SourceDate "2015.07.17"]
[SourceVersion "1"]
[SourceVersionDate "2015.07.17"]
[SourceQuality "1"]

1. c4 e5 2. Nf3 Nc6 3. d4 exd4 4. Nxd4 Nge7 5. Nc3 Nxd4 6. Qxd4 Nc6 7. Qd3 d6 8. e4 Be6 9. Nd5 Be7 10. Be2 0-0 11. 0-0 f5 12. Bd2 fxe4 13. Qxe4 Bf5 14. Nxe7+ Qxe7 15. Qxe7 Nxe7 16. Bf3 Nc6 17. Bd5+ Kh8 18. Rfe1 Rae8 0-1

[Event "SRB-CupT Central Serbia"]
[Site "Serbia"]
[Date "2014.05.03"]
[Round "6.11"]
[White "Cabarkapa, Miomir"]
[Black "Gajic, Sladjan"]
[Result "0-1"]
[WhiteElo "2184"]
[BlackElo "2066"]
[PlyCount "71"]
[EventDate "2014.03.23"]
[EventType "team"]
[EventRounds "8"]
[EventCountry "SRB"]
[SourceTitle "EXT 2015"]
[Source "ChessBase"]
[SourceDate "2014.11.20"]
[SourceVersion "1"]
[SourceVersionDate "2014.11.20"]
[SourceQuality "1"]

1. Nf3 c5 2. c4 Nf6 3. Nc3 d5 4. cxd5 Nxd5 5. Nxd5 Qxd5 6. b3 e5 7. d3 Bg4 8. Bb2 Nc6 9. Qc1 Nd4 10. e4 Qd6 11. Nd2 Be7 12. Nc4 Qc7 13. Bc3 0-0 14. Ne3 Bg5 15. Bd2 Be6 16. Nc2 Bxd2+ 17. Qxd2 f5 18. Nxd4 cxd4 19. Rc1 Qd6 20. exf5 Bd5 21. f3 Rxf5 22. Be2 Raf8 23. 0-0 Qg6 24. Kh1 Rh5 25. Kg1 Bc6 26. Bd1 Rf4 27. Rf2 Rfh4 28. g3 Rg5 29. Rg2 Rh3 30. Rxc6 bxc6 31. f4 Rf5 32. Bf3 Rf8 33. Qe2 exf4 34. gxf4 Qf6 35. Qe4 Rh4 36. Qxc6 0-1

[Event "SC-2014-0-00222"]
[Site "LSS email"]
[Date "2014.04.28"]
[Round "?"]
[White "Celan, Melissa"]
[Black "Gajic, Sladjan"]
[Result "1-0"]
[WhiteElo "1811"]
[BlackElo "1306"]
[PlyCount "41"]
[EventDate "2014.03.08"]
[EventType "tourn (corr)"]
[EventRounds "6"]
[EventCountry "GER"]
[SourceTitle "Corr 2015"]
[Source "ChessBase"]
[SourceDate "2015.07.17"]
[SourceVersion "1"]
[SourceVersionDate "2015.07.17"]
[SourceQuality "1"]

1. d4 Nf6 2. Nf3 d5 3. h3 e6 4. Bg5 c5 5. e3 cxd4 6. Bxf6 Qxf6 7. exd4 Nc6 8. c3 Bd6 9. Be2 0-0 10. 0-0 Bd7 11. Nbd2 h6 12. Re1 a6 13. Bd3 Rfe8 14. Bc2 Rad8 15. Bb3 Bc7 16. Nf1 e5 17. dxe5 Nxe5 18. Nxe5 Rxe5 19. Rxe5 Bxe5 20. Qxd5 Bc6 21. Qc4 1-0

[Event "SC-2014-0-00222"]
[Site "LSS email"]
[Date "2014.04.28"]
[Round "?"]
[White "Habes, Jiri"]
[Black "Gajic, Sladjan"]
[Result "1-0"]
[WhiteElo "1775"]
[BlackElo "1306"]
[PlyCount "67"]
[EventDate "2014.03.08"]
[EventType "tourn (corr)"]
[EventRounds "6"]
[EventCountry "GER"]
[SourceTitle "Corr 2015"]
[Source "ChessBase"]
[SourceDate "2015.07.17"]
[SourceVersion "1"]
[SourceVersionDate "2015.07.17"]
[SourceQuality "1"]

1. e4 c5 2. Nf3 d6 3. d4 cxd4 4. Nxd4 Nf6 5. Nc3 a6 6. Be3 e5 7. Nf3 Be7 8. Bc4 0-0 9. 0-0 Be6 10. Qd3 Bxc4 11. Qxc4 b5 12. Qd3 Nbd7 13. a3 Rc8 14. h3 Qc7 15. Rfd1 Nc5 16. Bxc5 Qxc5 17. Nh2 Bd8 18. Ng4 Nxg4 19. hxg4 Rc6 20. Qf3 Qa7 21. Qe2 Bg5 22. Nd5 Qb7 23. c3 Rc4 24. b3 Rc6 25. b4 Rc4 26. a4 h6 27. Ra2 Rb8 28. Rda1 Qc8 29. axb5 axb5 30. Ra7 Qe6 31. R1a5 Qe8 32. g3 Qc8 33. Kg2 Qe8 34. Qf3 1-0

[Event "LSS No Engine Cup 101 Final"]
[Site "LSS email"]
[Date "2014.04.19"]
[Round "?"]
[White "Gajic, Sladjan"]
[Black "Van Bommel, Ton"]
[Result "0-1"]
[WhiteElo "1759"]
[BlackElo "2022"]
[PlyCount "32"]
[EventDate "2014.08.25"]
[EventType "tourn (corr)"]
[EventRounds "6"]
[EventCountry "GER"]
[SourceTitle "Corr 2022"]
[Source "ChessBase"]
[SourceDate "2021.10.24"]
[SourceVersion "1"]
[SourceVersionDate "2021.10.24"]
[SourceQuality "1"]

1. c4 e5 2. Nc3 Nf6 3. Nf3 Nc6 4. g3 Bb4 5. Nd5 Bc5 6. Bg2 d6 7. 0-0 0-0 8. e3 a6 9. d4 Ba7 10. dxe5 Nxe5 11. Nxe5 dxe5 12. b3 c6 13. Nxf6+ Qxf6 14. Bb2 Bf5 15. Qh5 Rfe8 16. Rfd1 Qe6 0-1

[Event "LSS No Engine Cup 101 Final"]
[Site "LSS email"]
[Date "2014.04.19"]
[Round "?"]
[White "Garcia, Javier"]
[Black "Gajic, Sladjan"]
[Result "0-1"]
[WhiteElo "804"]
[BlackElo "1759"]
[PlyCount "30"]
[EventDate "2014.08.25"]
[EventType "tourn (corr)"]
[EventRounds "6"]
[EventCountry "GER"]
[SourceTitle "Corr 2022"]
[Source "ChessBase"]
[SourceDate "2021.10.24"]
[SourceVersion "1"]
[SourceVersionDate "2021.10.24"]
[SourceQuality "1"]

1. d4 Nf6 2. c4 e6 3. Nf3 Bb4+ 4. Bd2 Qe7 5. Nc3 b6 6. Ne5 0-0 7. e3 Bb7 8. f3 c5 9. dxc5 Bxc5 10. Be2 d5 11. cxd5 exd5 12. Ng4 Nxg4 13. fxg4 d4 14. exd4 Bxd4 15. Qc2 Bxg2 0-1

[Event "LSS No Engine Cup 101 Final"]
[Site "LSS email"]
[Date "2014.04.19"]
[Round "?"]
[White "Meijers, John"]
[Black "Gajic, Sladjan"]
[Result "1-0"]
[WhiteElo "1201"]
[BlackElo "1759"]
[PlyCount "31"]
[EventDate "2014.08.25"]
[EventType "tourn (corr)"]
[EventRounds "6"]
[EventCountry "GER"]
[SourceTitle "Corr 2022"]
[Source "ChessBase"]
[SourceDate "2021.10.24"]
[SourceVersion "1"]
[SourceVersionDate "2021.10.24"]
[SourceQuality "1"]

1. e4 c5 2. Nf3 d6 3. d4 cxd4 4. Nxd4 Nf6 5. Nc3 a6 6. Bg5 e6 7. Qf3 Nbd7 8. Bd3 Ne5 9. Qe3 Be7 10. Be2 h6 11. Bxf6 Bxf6 12. Bh5 Nc4 13. Qd3 Nxb2 14. Qg3 Bxd4 15. 0-0 Qg5 16. Qf3 1-0

[Event "RC-2014-0-00148"]
[Site "LSS email"]
[Date "2014.04.14"]
[Round "?"]
[White "Korinek, Jaroslav"]
[Black "Gajic, Sladjan"]
[Result "1-0"]
[WhiteElo "1682"]
[BlackElo "1801"]
[PlyCount "75"]
[EventDate "2014.03.17"]
[EventType "tourn (corr)"]
[EventRounds "6"]
[EventCountry "GER"]
[SourceTitle "Corr 2022"]
[Source "ChessBase"]
[SourceDate "2021.10.24"]
[SourceVersion "1"]
[SourceVersionDate "2021.10.24"]
[SourceQuality "1"]

1. e4 c5 2. Nf3 d6 3. d4 cxd4 4. Nxd4 Nf6 5. Nc3 a6 6. Be2 e5 7. Nf3 h6 8. Be3 Be6 9. Qd3 Be7 10. Nd2 d5 11. exd5 Nxd5 12. Nxd5 Bxd5 13. Nc4 e4 14. Qd4 Bf6 15. Qd1 Bxc4 16. Qxd8+ Bxd8 17. Bxc4 Nc6 18. Bd5 f5 19. 0-0-0 Bg5 20. Rhe1 Rd8 21. a3 Bxe3+ 22. Rxe3 Ke7 23. Rb3 Rd7 24. Bxc6 Rxd1+ 25. Kxd1 Rd8+ 26. Ke2 bxc6 27. Rb6 a5 28. Rxc6 a4 29. Rb6 g5 30. Rb4 Rc8 31. c3 Ra8 32. g4 fxg4 33. Rxe4+ Kf6 34. Rxg4 h5 35. Rb4 g4 36. Kf1 Ra5 37. Kg2 Kg5 38. c4 1-0

[Event "RC-2014-0-00148"]
[Site "LSS email"]
[Date "2014.04.10"]
[Round "?"]
[White "Gajic, Sladjan"]
[Black "Habes, Jiri"]
[Result "1/2-1/2"]
[WhiteElo "1801"]
[BlackElo "1727"]
[PlyCount "31"]
[EventDate "2014.03.17"]
[EventType "tourn (corr)"]
[EventRounds "6"]
[EventCountry "GER"]
[SourceTitle "Corr 2022"]
[Source "ChessBase"]
[SourceDate "2021.10.24"]
[SourceVersion "1"]
[SourceVersionDate "2021.10.24"]
[SourceQuality "1"]

1. c4 Nf6 2. Nc3 g6 3. d4 d5 4. cxd5 Nxd5 5. e4 Nxc3 6. bxc3 Bg7 7. Bc4 c5 8. Ne2 Nc6 9. Be3 0-0 10. 0-0 Qc7 11. Rc1 Rd8 12. Qa4 a6 13. Bf4 Qa5 14. Qc2 cxd4 15. cxd4 Nxd4 16. Nxd4 1/2-1/2

[Event "LSS No Engine Cup 107 Preliminary 0"]
[Site "LSS email"]
[Date "2014.03.23"]
[Round "?"]
[White "Schalkwijk, Peter"]
[Black "Gajic, Sladjan"]
[Result "0-1"]
[WhiteElo "1491"]
[BlackElo "1990"]
[PlyCount "42"]
[EventDate "2014.03.24"]
[EventType "tourn (corr)"]
[EventRounds "6"]
[EventCountry "GER"]
[SourceTitle "Corr 2022"]
[Source "ChessBase"]
[SourceDate "2021.10.24"]
[SourceVersion "1"]
[SourceVersionDate "2021.10.24"]
[SourceQuality "1"]

1. e4 c5 2. Nc3 Nc6 3. g3 g6 4. Bg2 Bg7 5. d3 d6 6. Be3 e6 7. Qd2 Rb8 8. Nd1 b5 9. Ne2 b4 10. 0-0 Qc7 11. f4 e5 12. c3 bxc3 13. Ndxc3 Nge7 14. Rab1 0-0 15. fxe5 Nxe5 16. b3 Ba6 17. d4 Ng4 18. Rfc1 Nxe3 19. Qxe3 cxd4 20. Nxd4 Qb6 21. Rd1 Nc6 0-1

[Event "LSS No Engine Cup 107 Preliminary 0"]
[Site "LSS email"]
[Date "2014.03.23"]
[Round "?"]
[White "Yangibayev, N."]
[Black "Gajic, Sladjan"]
[Result "0-1"]
[WhiteElo "1025"]
[BlackElo "1990"]
[PlyCount "60"]
[EventDate "2014.03.24"]
[EventType "tourn (corr)"]
[EventRounds "6"]
[EventCountry "GER"]
[SourceTitle "Corr 2022"]
[Source "ChessBase"]
[SourceDate "2021.10.24"]
[SourceVersion "1"]
[SourceVersionDate "2021.10.24"]
[SourceQuality "1"]

1. d4 Nf6 2. c4 e6 3. Nc3 Bb4 4. Bg5 h6 5. Bh4 c5 6. e3 Qa5 7. Nge2 Ne4 8. Qc2 cxd4 9. exd4 Qf5 10. f3 Nxc3 11. Qxf5 Nxe2+ 12. Kxe2 exf5 13. c5 d5 14. Bg3 Nc6 15. Kd3 Ba5 16. a3 Bd8 17. Re1+ Be6 18. h4 a5 19. Bd6 Bf6 20. Be5 Bxe5 21. dxe5 a4 22. f4 Ra5 23. Rc1 Rb5 24. Rc2 Rb3+ 25. Kd2 Nd4 26. Rc1 Ke7 27. Rh3 Rxh3 28. gxh3 Nb3+ 29. Kc2 Nxc1 30. Kxc1 Rc8 0-1

[Event "SRB Central-ch op"]
[Site "Vrnjacka Banja"]
[Date "2014.03.21"]
[Round "7"]
[White "Stanojevic, Branko"]
[Black "Gajic, Sladjan"]
[Result "1/2-1/2"]
[WhiteElo "2271"]
[BlackElo "2066"]
[PlyCount "103"]
[EventDate "2014.03.17"]
[EventType "swiss"]
[EventRounds "9"]
[EventCountry "SRB"]
[SourceTitle "CBM 159 Extra"]
[Source "ChessBase"]
[SourceDate "2014.04.24"]
[SourceVersion "1"]
[SourceVersionDate "2014.04.24"]
[SourceQuality "1"]

1. Nf3 d5 2. g3 g6 3. c4 c6 4. Bg2 Bg7 5. 0-0 Nf6 6. Qc2 0-0 7. b3 Bf5 8. d3 Qc8 9. Re1 Na6 10. Bb2 Rd8 11. Nbd2 dxc4 12. bxc4 c5 13. Bc3 Rb8 14. Rab1 Ng4 15. Bxg7 Kxg7 16. Rb3 Bd7 17. Reb1 b6 18. Ne4 f6 19. Nc3 Nb4 20. Qb2 e5 21. Nd5 Nxd5 22. cxd5 Qc7 23. Rc1 Qd6 24. Nd2 h5 25. Nc4 Qe7 26. Qa3 Be8 27. Qb2 Nh6 28. e4 h4 29. f4 Nf7 30. Rf1 hxg3 31. hxg3 Bd7 32. Qa3 Ra8 33. Rb2 Bg4 34. Rbf2 Rf8 35. Qb2 Rae8 36. a4 Bd7 37. d6 Nxd6 38. fxe5 Nxc4 39. exf6+ Qxf6 40. Qxf6+ Rxf6 41. Rxf6 Ne5 42. Rd6 Bxa4 43. d4 cxd4 44. Ra1 b5 45. Rxd4 Re7 46. Rd5 Re6 47. Bf1 a6 48. Rxa4 bxa4 49. Ra5 Nf3+ 50. Kg2 Nd2 51. Rxa4 Nxe4 52. Rxa6 1/2-1/2

[Event "BI-2014-F-0000"]
[Site "LSS email"]
[Date "2014.02.21"]
[Round "?"]
[White "Cerne, Peter"]
[Black "Gajic, Sladjan"]
[Result "1-0"]
[WhiteElo "1675"]
[BlackElo "1798"]
[PlyCount "45"]
[EventDate "2014.02.27"]
[EventType "tourn (corr)"]
[EventRounds "10"]
[EventCountry "GER"]
[SourceTitle "Corr 2022"]
[Source "ChessBase"]
[SourceDate "2021.10.24"]
[SourceVersion "1"]
[SourceVersionDate "2021.10.24"]
[SourceQuality "1"]

1. e4 c5 2. Nf3 d6 3. d4 cxd4 4. Nxd4 Nf6 5. Nc3 a6 6. Be3 e5 7. Nb3 Be6 8. f3 Be7 9. Qd2 0-0 10. 0-0-0 Nbd7 11. g4 b5 12. g5 Nh5 13. Kb1 Nb6 14. Nd5 Nxd5 15. exd5 Bd7 16. Na5 Rc8 17. Bd3 f5 18. Rhg1 g6 19. h4 Rf7 20. c4 Bf8 21. Rc1 Qe8 22. Rge1 f4 23. Bb6 1-0

[Event "BI-2014-F-0000"]
[Site "LSS email"]
[Date "2014.02.21"]
[Round "?"]
[White "Gajic, Sladjan"]
[Black "Pilgram, Kurt"]
[Result "0-1"]
[WhiteElo "1798"]
[BlackElo "1944"]
[PlyCount "88"]
[EventDate "2014.02.27"]
[EventType "tourn (corr)"]
[EventRounds "10"]
[EventCountry "GER"]
[SourceTitle "Corr 2022"]
[Source "ChessBase"]
[SourceDate "2021.10.24"]
[SourceVersion "1"]
[SourceVersionDate "2021.10.24"]
[SourceQuality "1"]

1. Nf3 d5 2. d4 Nf6 3. c4 dxc4 4. e3 a6 5. Bxc4 e6 6. 0-0 c5 7. dxc5 Qxd1 8. Rxd1 Bxc5 9. b3 Nbd7 10. Bb2 b5 11. Be2 Bb7 12. Nbd2 0-0 13. Rac1 Rfc8 14. h3 Nd5 15. Nf1 Be7 16. Ne5 Rxc1 17. Rxc1 Nxe5 18. Bxe5 Ba3 19. Rc2 f6 20. Bd4 Rd8 21. Ng3 Rd7 22. Rd2 Kf7 23. Rd1 g6 24. Ba1 Rc7 25. Bd3 e5 26. Ne2 Ke7 27. h4 Ke6 28. Bb1 f5 29. e4 fxe4 30. Bxe4 Ne3 31. Rd3 Ng4 32. Bxb7 Rxb7 33. Ng3 Rc7 34. Rc3 Rd7 35. Rc6+ Kf7 36. Nf1 Rd1 37. Rc7+ Ke6 38. Bc3 Rc1 39. Ba5 Bc5 40. g3 Bxf2+ 41. Kg2 Ra1 42. Rc2 Bd4 43. Bb4 h5 44. Re2 Nf2 0-1